[Event "Cairo Egyptian op"]
[Site "Cairo"]
[Date "2016.04.24"]
[Round "3"]
[White "Tarek, Mohamed"]
[Black "Abdel Aziem, Ahmed Fatehy"]
[Result "1-0"]
[WhiteElo "1786"]
[BlackElo "2051"]
[PlyCount "105"]
[EventDate "2016.04.22"]
[EventType "swiss"]
[EventRounds "9"]
[EventCountry "EGY"]
[SourceTitle "CBM 172 Extra"]
[Source "ChessBase"]
[SourceDate "2016.06.21"]
[SourceVersion "1"]
[SourceVersionDate "2016.06.21"]
[SourceQuality "1"]

1. Nf3 Nc6 2. d4 d5 3. c4 e6 4. Nc3 Nf6 5. Bf4 Bb4 6. a3 Bxc3+ 7. bxc3 dxc4 8. e3 Nd5 9. Bg5 f6 10. Bh4 b5 11. Qc2 Nb6 12. Be2 0-0 13. 0-0 Ne7 14. e4 Bb7 15. Nd2 Qe8 16. f4 f5 17. Bxe7 Qxe7 18. Bf3 c5 19. Rae1 cxd4 20. cxd4 Qxa3 21. exf5 Bxf3 22. Rxf3 Qd6 23. fxe6 Qxd4+ 24. Kh1 Rxf4 25. Rh3 h6 26. e7 Re8 27. Rhe3 Nd5 28. R3e2 Rxe7 29. Nf3 Qf6 30. Qd2 Kh7 31. Qxd5 Rxe2 32. Rxe2 b4 33. h3 b3 34. Qd2 Rxf3 35. gxf3 Qxf3+ 36. Rg2 Qxh3+ 37. Kg1 Qh4 38. Qc3 g5 39. Qe5 Qf4 40. Qe7+ Kg6 41. Qe8+ Kg7 42. Qd7+ Kg6 43. Qc6+ Kg7 44. Qd7+ Qf7 45. Qc6 Qe7 46. Qb5 Kg8 47. Rf2 Qe4 48. Qa6 h5 49. Qf6 c3 50. Qf7+ Kh8 51. Qf8+ Kh7 52. Rf7+ Kg6 53. Qg8+ 1-0